Constituciones y ordenanzas para el gobierno de los Reales Hospitales General y de la Pasion de Madrid (Record no. 155600)

MARC details
000 -LEADER
campo de control de longitud fija 00787nam a2200193 i 4500
001 - NÚMERO DE CONTROL
campo de control 155600
003 - IDENTIFICADOR DE NÚMERO DE CONTROL
campo de control ES-MaACL
005 - FECHA Y HORA DE LA ÚLTIMA TRANSACCIÓN
campo de control 20230906210135.0
008 - DATOS DE LONGITUD FIJA--INFORMACIÓN GENERAL
campo de control de longitud fija 931025s1780 sp |||| | spa d
040 ## - FUENTE DE CATALOGACIÓN
Centro catalogador/agencia de origen CAM
Lengua de catalogación spa
Centro/agencia transcriptor PAB
110 00 - ENTRADA PRINCIPAL--NOMBRE DE ENTIDAD CORPORATIVA
Nombre de entidad corporativa o nombre de jurisdicción como elemento de entrada Hospital General de Madrid.
9 (RLIN) 4606
245 10 - MENCIÓN DEL TÍTULO
Título Constituciones y ordenanzas para el gobierno de los Reales Hospitales General y de la Pasion de Madrid
Resto del título : aprobadas por... Carlos III...
260 ## - PUBLICACIÓN, DISTRIBUCIÓN, ETC.
Lugar de publicación, distribución, etc. Reimpresas en Madrid :
Nombre del editor, distribuidor, etc. en la imprenta de Pantaleon Aznar,
Fecha de publicación, distribución, etc. 1780.
300 ## - DESCRIPCIÓN FÍSICA
Extensión [6], 26, 102 p. ;
Dimensiones Fol.
597 ## - NOTA DE DESCRIPCIÓN FÍSICA
NOTA DE DESCRIPCIÓN FÍSICA Sign. : ]3, A-Q4.
597 ## - NOTA DE DESCRIPCIÓN FÍSICA
NOTA DE DESCRIPCIÓN FÍSICA Port. con esc. real. xil. y orla tip.
610 04 - PUNTO DE ACCESO ADICIONAL DE MATERIA--NOMBRE DE ENTIDAD CORPORATIVA
Nombre de entidad corporativa o nombre de jurisdicción como elemento de entrada Hospital de la Pasión (Madrid)
9 (RLIN) 4594
852 ## - LOCALIZACIÓN
Ubicación ES-MaACL
Número de control de estantería R-2998
Nota libre -- Enc. pasta española con hierros dorados
Encuadernación -- Olim: T-395-F-6
Holdings
Estatus retirado Estado de pérdida Estado de daño No para préstamo Colección Biblioteca de origen Biblioteca actual Ubicación en estantería Fecha de adquisición Fuente de adquisición Total de préstamos Signatura topográfica completa Código de barras Visto por última vez Precio de reemplazo Tipo de ítem Koha
        Libros del s. XVIII Biblioteca del Ateneo de Madrid Biblioteca del Ateneo de Madrid Depósito 17/01/2008     R-2998 1162760 23/02/2023 23/02/2023 Libro impreso antiguo